[Event "XXIX Open"]
[Site "Donostia San Sebastian ESP"]
[Date "2006.04.14"]
[Round "8"]
[White "Heikkila,A"]
[Black "Del Rey,D"]
[Result "0-1"]
[WhiteElo "2099"]
[BlackElo "2431"]

1.d4 d6 2.e4 Nf6 3.Nc3 Nbd7 4.Bc4 e5 5.Nf3 Be7 6.dxe5 dxe5 7.Bxf7+ Kxf7 8.Ng5+ Kg8
9.Ne6 Qe8 10.Nxc7 Qg6 11.Nxa8 Qxg2 12.Rf1 Nc5 13.f3 Be6 14.Be3 Bc4 15.Rg1 Qxh2
16.Bxc5 Bxc5 17.Qd8+ Bf8 18.O-O-O Qf4+ 19.Kb1 h5 20.Nc7 Kh7 21.Ne8 Nxe8 22.Qxe8 Bf7
23.Qd7 Bg6 24.Qh3 Bc5 25.Nd5 Qf7 26.Rg5 Re8 27.Rd2 Kh6 28.Rdg2 Re6 29.Qh1 b5
30.Qc1 Kh7 31.f4 Bxe4 32.Rxg7+ Qxg7 33.Rxg7+ Kxg7 34.b4 Bd4 35.f5 Bxf5 36.Qg5+ Rg6
37.Qe7+ Kh6 38.Qf8+ Kg5 39.Ne7 Rf6  0-1

[Event "17th Pobeskydi Arcimpex Cup"]
[Site "Frydek Mistek CZE"]
[Date "2006.04.14"]
[Round "3"]
[White "Jakubek,P"]
[Black "Vesselovsky,S"]
[Result "0-1"]
[WhiteElo "2244"]
[BlackElo "2390"]

1.d4 d6 2.e4 Nf6 3.Nc3 e5 4.Nf3 Nbd7 5.Bc4 Be7 6.O-O O-O 7.Qe2 c6 8.a4 b6
9.Rd1 Qc7 10.h3 a6 11.d5 c5 12.Bg5 Qd8 13.Ra3 Kh8 14.Qd2 Ra7 15.Re1 Ng8 16.Be3 g6
17.Nh2 Bf6 18.Raa1 Bg7 19.Rad1 f5 20.f4 g5 21.fxg5 f4 22.Bf2 Qxg5 23.Nf3 Qh6
24.Be2 Ndf6 25.Nh2 Qg6 26.Qd3 Nh5 27.Rf1 f3 28.Nxf3 Bf6 29.Nh4 Bxh4 30.Bxh4 Rg7
31.g4 Nf4 32.Qg3 h5 33.Kh2 hxg4 34.hxg4 Rh7 35.Rh1 Nxe2 36.Nxe2 Qxg4 37.Rdg1 Qxh4+
38.Kg2 Qxe4+  0-1

[Event "7th ch-Euro"]
[Site "Kusadasi TUR"]
[Date "2006.04.14"]
[Round "10"]
[White "Pashikian,A"]
[Black "Galego,L"]
[Result "1-0"]
[WhiteElo "2472"]
[BlackElo "2538"]

1.e4 d6 2.d4 Nf6 3.Nc3 c6 4.Nf3 Bg4 5.Be3 Qa5 6.Qd2 e5 7.h3 Bh5 8.g4 Bg6
9.Nh4 b5 10.Nxg6 hxg6 11.Bg2 Nbd7 12.O-O Be7 13.f4 b4 14.Ne2 c5 15.dxe5 dxe5
16.g5 Nh5 17.fxe5 Nb6 18.e6 O-O 19.exf7+ Rxf7 20.Rxf7 Kxf7 21.c4 Rd8 22.Qc2 Qa4
23.b3 Qd7 24.e5 Qe6 25.Qe4 Kg8 26.Re1 Rd7 27.Nf4 Nxf4 28.Qxf4 Rb7 29.Qe4 Rd7
30.Kh2 Qf5 31.Rf1 Qxe4 32.Bxe4 Bd8 33.e6 Re7 34.Bxg6  1-0

[Event "LII Nacional Abierto"]
[Site "Mexico City MEX"]
[Date "2006.04.14"]
[Round "6"]
[White "Leon Hoyos,M"]
[Black "Hernandez,Gi"]
[Result "0-1"]
[WhiteElo "2428"]
[BlackElo "2530"]

1.e4 d6 2.d4 Nf6 3.Nc3 Nbd7 4.Nf3 e5 5.g4 g6 6.g5 Nh5 7.Be3 Bg7 8.Qd2 O-O
9.O-O-O c6 10.Kb1 Qa5 11.d5 c5 12.Nb5 Qb6 13.a4 Nb8 14.Ne1 Qd8 15.Be2 a6
16.Na3 b5 17.axb5 Nf4 18.Bf1 Nd7 19.Nc4 axb5 20.Nxd6 b4 21.c4 Qa5 22.Nd3 Ra6
23.Nb5 Qa2+ 24.Kc1 Qxc4+ 25.Qc2 Qxe4 26.Rg1 Qxd5 27.Kb1 b3 28.Qd2 c4 29.Nc7 Qe4
30.Nxa6 Bxa6 31.Bxf4 cxd3 32.Bxd3 Qa4 33.Bxa6 Qa2+  0-1

[Event "XXIX Open"]
[Site "Donostia San Sebastian ESP"]
[Date "2006.04.15"]
[Round "9"]
[White "Jaumandreu Berruta,I"]
[Black "Argandona Rivero,I"]
[Result "0-1"]
[WhiteElo "2168"]
[BlackElo "2382"]

1.e4 d6 2.d4 Nf6 3.Nc3 e5 4.Nf3 Nbd7 5.Bc4 Be7 6.O-O O-O 7.a4 exd4 8.Nxd4 Ne5
9.Ba2 c5 10.Nde2 Be6 11.Nf4 Bxa2 12.Rxa2 Nc6 13.Nfd5 Nb4 14.Ra3 Re8 15.f3 b6
16.Ra1 Qd7 17.Kh1 Rad8 18.Nxf6+ Bxf6 19.Nd5 Nxd5 20.Qxd5 Re5 21.Qd1 d5 22.Bf4 Re6
23.exd5 Qxd5 24.c3 Qc4 25.Qc1 h6 26.Bg3 Re2 27.Re1 Rdd2 28.Rxe2 Qxe2 29.Qf1 Qxf1+
30.Rxf1 Rxb2 31.Bb8 Bxc3 32.Bxa7 c4 33.h3 Bd2  0-1

[Event "17th Pobeskydi Radegast Cup"]
[Site "Frydek Mistek CZE"]
[Date "2006.04.15"]
[Round "5"]
[White "Zilka,S"]
[Black "Nemeth,Mi1"]
[Result "0-1"]
[WhiteElo "2345"]
[BlackElo "2401"]

1.e4 d6 2.d4 Nf6 3.Nc3 Nbd7 4.f4 e5 5.Nf3 exd4 6.Qxd4 c6 7.Bc4 d5 8.exd5 Bc5
9.Qd3 O-O 10.dxc6 Re8+ 11.Ne2 bxc6 12.Ng5 Re7 13.Bd2 h6 14.h4 Qe8 15.O-O-O Nb6
16.Bb3 Bg4 17.Ng3 Rd8 18.Qg6 hxg5 19.Qxg5  0-1

[Event "LII Nacional Abierto"]
[Site "Mexico City MEX"]
[Date "2006.04.15"]
[Round "7"]
[White "Alford,J"]
[Black "Mitkov,N"]
[Result "1/2-1/2"]
[WhiteElo "2266"]
[BlackElo "2561"]

1.e4 d6 2.d4 Nf6 3.Nc3 e5 4.Nf3 Nbd7 5.Bc4 Be7 6.O-O O-O 7.Re1 c6 8.a4 a5
9.h3 exd4 10.Nxd4 Nc5 11.Bf4 Be6 12.Nxe6 fxe6 13.e5 d5 14.exf6 Bxf6 15.Qg4 dxc4
16.Rad1 Qe8 17.Bd6 Be7 18.Qxc4 Bxd6 19.Rxd6 b6 20.Ne4 Rf4 21.Rd4 Rd8 22.Rxd8 Qxd8
23.g3 Rxe4 24.Rxe4 Nxe4 25.Qxe6+ Kh8 26.Qxe4 Qd7 27.Qe5 Qd8 28.Kf1 h6 29.Ke2 Qc8
30.g4 b5 31.Kf3 Qd7 32.Qc5 Qf7+ 33.Kg2 Qe8 34.Kg3 bxa4 35.Qxa5 Qb8+ 36.Kg2 Qxb2
37.Qxa4 c5 38.Qe8+ Kh7 39.Qe4+ Kh8 40.Qd3 Qb7+ 41.Qf3 Qb4 42.c3 Qc4 43.Qe3 Qd5+
44.Kg3 Qd6+ 45.Kf3 Qd5+ 46.Ke2 Qa2+ 47.Kd3 Qd5+ 48.Ke2 Qa2+ 49.Qd2 Qe6+ 50.Kf3 Qc6+
51.Kf4 Qf6+ 52.Kg3 Qe5+ 53.f4 Qe4 54.f5 Kh7  1/2-1/2

[Event "10th Neckar Open A"]
[Site "Deizisau GER"]
[Date "2006.04.16"]
[Round "6"]
[White "Boidman,Y"]
[Black "Markowski,T"]
[Result "1-0"]
[WhiteElo "2439"]
[BlackElo "2554"]

1.e4 d6 2.d4 Nf6 3.Nc3 e5 4.dxe5 dxe5 5.Qxd8+ Kxd8 6.Bc4 Ke8 7.Nf3 Bd6 8.Bg5 Nbd7
9.O-O a6 10.a4 h6 11.Be3 b6 12.Ne1 Bb7 13.f3 Bb4 14.Nd1 Ke7 15.Nd3 Bd6 16.Bf2 g6
17.b4 Rhc8 18.Ne3 a5 19.c3 Kf8 20.Rfd1 Rd8 21.Bb3 Ba6 22.b5 Bb7 23.Nc4 Ne8
24.Rd2 f6 25.Rad1 Ke7 26.Be3 h5 27.Nxd6 cxd6 28.Nb2 Rac8 29.Nc4 Rxc4 30.Bxc4 Rc8
31.Bb3 Rxc3 32.Rd3 Rxd3 33.Rxd3 h4 34.Kf2 Nc5 35.Bxc5 dxc5 36.Bf7 Ng7 37.Bxg6 Ne6
38.Bf5 Nd4 39.g3 hxg3+ 40.Kxg3 c4 41.Ra3 Kd6 42.h4 Bd5 43.h5 Bg8 44.Kf2 Kc5
45.Ra1 c3 46.Rg1 Nxf5 47.exf5 Bh7 48.Ke2 Kb4 49.Kd1 Bxf5 50.h6 Kxa4 51.Rg7 Kb3
52.Kc1 a4 53.Rb7  1-0

[Event "LII Nacional Abierto"]
[Site "Mexico City MEX"]
[Date "2006.04.16"]
[Round "9"]
[White "Estrada Nieto,J"]
[Black "Hernandez,Gi"]
[Result "1/2-1/2"]
[WhiteElo "2370"]
[BlackElo "2530"]

1.e4 d6 2.d4 Nf6 3.Nc3 e5 4.Nf3 Nbd7 5.Bc4 Be7 6.O-O O-O 7.Re1 c6 8.a4 b6
9.b3 a6 10.Bb2 Bb7 11.Bd3 b5 12.Ne2 Qc7 13.Ng3 Rfe8 14.c4 bxa4 15.bxa4 Bf8
16.Qd2 g6 17.Rad1 exd4 18.Nxd4 h6 19.Qf4  1/2-1/2

[Event "SAP IM"]
[Site "Walldorf GER"]
[Date "2006.04.17"]
[Round "7"]
[White "Richter,Geo"]
[Black "Miltner,A"]
[Result "0-1"]
[WhiteElo "2243"]
[BlackElo "2400"]

1.e4 d6 2.d4 Nf6 3.Nc3 e5 4.Nf3 Nbd7 5.Bc4 Be7 6.dxe5 dxe5 7.Bxf7+ Kxf7 8.Ng5+ Kg6
9.h4 h5 10.f4 exf4 11.Ne6 Qg8 12.Nxc7 Ne5 13.N3d5 Nxd5 14.Nxd5 Qd8 15.Bxf4 Bxh4+
16.g3 Bg4 17.Qc1 Bf6 18.Qe3 Rc8 19.Qf2 Qa5+  0-1

[Event "VII TCh-RUS w"]
[Site "Sochi RUS"]
[Date "2006.04.20"]
[Round "1"]
[White "Zaiatz,E"]
[Black "Kharashuta,E"]
[Result "1/2-1/2"]
[WhiteElo "2417"]
[BlackElo "2171"]

1.d4 d6 2.e4 Nf6 3.Nc3 e5 4.Nf3 Nbd7 5.Bc4 Be7 6.O-O O-O 7.Re1 c6 8.a4 exd4
9.Nxd4 Ne5 10.Bf1 Re8 11.a5 Qc7 12.h3 h6 13.Bf4 Bd7 14.Bh2 Bf8 15.f4 Ng6
16.Nf3 Nh7 17.Bd3 Rad8 18.Qd2 Bc8 19.Kh1 b5 20.Qf2 b4 21.Nd1 Nf6 22.Nd2 Nd7
23.c4 Nc5 24.Bc2 Ne7 25.f5 Qb7 26.b3 Kh8 27.Nf3 Ng8 28.e5 d5 29.cxd5 cxd5
30.Nd4 Ne4 31.Bxe4 dxe4 32.Rc1 Rd5 33.Nc6 Bd7 34.Nxa7 Rxa5 35.e6 Qxa7 36.Qxa7 Rxa7
37.exf7 Rc8 38.fxg8=Q+ Kxg8 39.Rxc8 Bxc8 40.Ne3 Ra3 41.Rb1 Ba6 42.Bf4 Bd3
43.Rb2 Bc5 44.Nc2 Ra5 45.Bd2 Bxc2 46.Rxc2 e3 47.Be1 Bd6 48.Re2 Rxf5 49.g4 Ra5
50.Rxe3 Ra2 51.Re6 Bc7 52.Re7 Bd6 53.Re6  1/2-1/2

[Event "XIII TCh-RUS 1st League"]
[Site "Sochi RUS"]
[Date "2006.04.22"]
[Round "3"]
[White "Skorchenko,D"]
[Black "Bachin,V"]
[Result "1/2-1/2"]
[WhiteElo "2473"]
[BlackElo "2490"]

1.e4 d6 2.d4 Nf6 3.Nc3 c6 4.f4 b5 5.e5 dxe5 6.fxe5 Nd5 7.Bd3 g6 8.Nf3 Bg7
9.O-O O-O 10.Bg5 Be6 11.Qe1 Nb4 12.Be4 Bc4 13.Rf2 f5 14.exf6 exf6 15.Bh4 g5
16.a3 gxh4 17.axb4 f5 18.Bd3 Bxd3 19.cxd3 Bxd4 20.Nxd4 Qxd4 21.Qe6+ Kh8 22.Rf1 Na6
23.Nxb5 cxb5 24.Qxa6 Rac8 25.Qh6 Rg8 26.Qf4 Qxf4 27.Rxf4 Rc2 28.R1f2 Rc1+
29.Rf1 Rc2  1/2-1/2

[Event "VII TCh-RUS w"]
[Site "Sochi RUS"]
[Date "2006.04.22"]
[Round "3"]
[White "Pogonina,N"]
[Black "Kharashuta,E"]
[Result "1-0"]
[WhiteElo "2440"]
[BlackElo "2171"]

1.e4 d6 2.d4 Nf6 3.Nc3 e5 4.Nf3 Nbd7 5.Bc4 Be7 6.O-O O-O 7.Re1 c6 8.a4 b6
9.b3 Bb7 10.Bd3 a6 11.Bb2 g6 12.Qd2 Re8 13.Rad1 Bf8 14.Qc1 b5 15.dxe5 dxe5
16.axb5 cxb5 17.Ne2 Qb6 18.Ng3 a5 19.Rf1 a4 20.bxa4 bxa4 21.Ba1 Ba6 22.h4 a3
23.h5 h6 24.hxg6 fxg6 25.Qd2 Qe6 26.Qe2 Bc5 27.Nd2 Bxd3 28.Qxd3 Rf8 29.Nc4 Ra7
30.Ne3 Kg7 31.Ne2 Nb6 32.Nc3 Rd7 33.Ncd5 a2 34.c4 Ra8 35.Qc2 Bd4 36.Qb3 Bc5
37.Nxf6 Kxf6 38.Nd5+ Nxd5 39.exd5 Qf5 40.Qb5 Bd6 41.c5 Rb8 42.Qc6  1-0

[Event "8th Dubai Open"]
[Site "Dubai UAE"]
[Date "2006.04.24"]
[Round "2"]
[White "Velikhanli,F"]
[Black "Gelashvili,T"]
[Result "0-1"]
[WhiteElo "2326"]
[BlackElo "2576"]

1.e4 d6 2.d4 Nf6 3.Nc3 Nbd7 4.Nf3 e5 5.dxe5 dxe5 6.Bc4 Bb4 7.O-O c6 8.Qe2 O-O
9.Bd2 Qc7 10.a3 Be7 11.Nh4 Nc5 12.Nf5 Bxf5 13.exf5 b5 14.Ba2 a5 15.Bg5 e4
16.f3 Ng4 17.fxg4 Bxg5 18.Kh1 b4 19.Nd1 Qe5 20.Nf2 Qxb2 21.Nh3 Be7 22.axb4 axb4
23.Bxf7+ Kxf7 24.Qc4+ Kf6 25.g5+ Ke5 26.Rxa8 Rxa8 27.f6 gxf6 28.gxf6 Bf8
29.Ng5 Kd6 30.Qf7 Qd4 31.c3 bxc3 32.Nxh7 Nd7 33.Nxf8 Rxf8 34.Qb3 Nc5 35.Qb6 c2
36.Qa7 Qd1 37.Qe7+ Kd5  0-1

[Event "XIII TCh-RUS 1st League"]
[Site "Sochi RUS"]
[Date "2006.04.24"]
[Round "5"]
[White "Slugin,S"]
[Black "Bachin,V"]
[Result "1/2-1/2"]
[WhiteElo "2411"]
[BlackElo "2490"]

1.e4 d6 2.d4 Nf6 3.Nc3 c6 4.f4 Qa5 5.Bd3 e5 6.Nf3 Bg4 7.Be3 Nbd7 8.O-O exd4
9.Bxd4 Nc5 10.h3 Nxd3 11.Qxd3 Bxf3 12.Qxf3 O-O-O 13.Bxf6 gxf6 14.Kh1  1/2-1/2

[Event "XIII TCh-RUS 1st League"]
[Site "Sochi RUS"]
[Date "2006.04.24"]
[Round "5"]
[White "Abasheev,D"]
[Black "Bocharov,D"]
[Result "0-1"]
[WhiteElo "2440"]
[BlackElo "2559"]

1.e4 d6 2.d4 Nf6 3.Nc3 e5 4.Nge2 Be7 5.g3 c6 6.a4 exd4 7.Qxd4 O-O 8.Bg2 a5
9.O-O Na6 10.b3 Nb4 11.Qd2 Re8 12.Bb2 Bd7 13.h3 Qb6 14.Rad1 Rad8 15.Nd4 Bf8
16.Rfe1 Bc8 17.Kh2 Qc5 18.f3 g6 19.Nce2 Bg7 20.Nf4 h5 21.h4 Nd7 22.Bh3 Ne5
23.Bxc8 Qxd4 24.Bxd4 Nxf3+ 25.Kg2 Nxd2 26.Bxg7 Nxe4 27.Bxb7 Kxg7 28.c3 Nxc3
29.Rxe8 Rxe8 30.Rxd6 Ne4 31.Rd7 Nc5 32.Rc7 Re3 33.Bxc6 Nxc6 34.Rxc6 Ne4 35.Ra6 Rxg3+
36.Kh2 Rxb3 37.Rxa5 Nc3 38.Ra7 Rb4 39.Ne6+ Kf6 40.Nd8 Rxh4+ 41.Kg3 Rxa4 42.Rxf7+ Kg5
43.Ne6+ Kh6 44.Rf8 Ne4+ 45.Kg2 Ra2+ 46.Kg1 g5 47.Nd4 h4 48.Re8 Nf6 49.Re5 h3
50.Ne2  0-1

[Event "VII TCh-RUS w"]
[Site "Sochi RUS"]
[Date "2006.04.24"]
[Round "5"]
[White "Kosintseva,N"]
[Black "Kharashuta,E"]
[Result "1-0"]
[WhiteElo "2469"]
[BlackElo "2171"]

1.e4 d6 2.d4 Nf6 3.Nc3 e5 4.Nf3 Nbd7 5.Bc4 Be7 6.O-O O-O 7.Re1 c6 8.a4 exd4
9.Nxd4 Ne5 10.Bb3 c5 11.Nde2 c4 12.Ba2 Bd7 13.Be3 Bc6 14.Ng3 d5 15.Bd4 Ng6
16.Nf5 dxe4 17.Bxc4 Bb4 18.Bb3 Qa5 19.Ng3 Rad8 20.Re2 Rd7 21.Ncxe4 Nxe4 22.Nxe4 Nf4
23.Re3 Qf5 24.Ng3 Qg6 25.c3 Bxg2 26.cxb4 Rfd8 27.Qe1 h5 28.Re8+ Kh7 29.Rxd8 Rxd8
30.Qe5  1-0

[Event "XIII TCh-RUS"]
[Site "Sochi RUS"]
[Date "2006.04.24"]
[Round "5"]
[White "Naiditsch,A"]
[Black "Eljanov,P"]
[Result "1/2-1/2"]
[WhiteElo "2664"]
[BlackElo "2665"]

1.e4 d6 2.d4 Nf6 3.Nc3 e5 4.Nf3 Nbd7 5.Bc4 Be7 6.O-O O-O 7.Re1 c6 8.a4 b6
9.d5 cxd5 10.Nxd5 Bb7 11.b3 Rc8 12.Re2 Nc5 13.Nxf6+ Bxf6 14.Bd5 Qd7 15.Ba3 Bxd5
16.Qxd5 Rfd8 17.Rd1 Ne6 18.Qb5 Nf4 19.Red2 Qg4 20.Qf1 d5 21.Kh1 d4 22.Ne1 Bg5
23.g3 Ng6 24.f3 Qe6 25.Rd3 h5 26.h4 Be7 27.Bxe7 Nxe7 28.R3d2 Rc3 29.Nd3 Rdc8
30.Qg2 Nc6 31.Rf1 a5 32.f4 exf4 33.Nxf4 Qg4 34.Kh2 Re3 35.Nd5 Rxe4 36.Nxb6 Rce8
37.Nc4 Nb4 38.Nd6 Re2 39.Rf2 Rxd2 40.Rxd2 Re3 41.Rf2 f6 42.Nf5 Re4 43.Nxd4 Rxd4  1/2-1/2

[Event "XIII TCh-RUS 1st League"]
[Site "Sochi RUS"]
[Date "2006.04.25"]
[Round "6"]
[White "Pogromsky,M"]
[Black "Bachin,V"]
[Result "0-1"]
[WhiteElo "2363"]
[BlackElo "2490"]

1.d4 d6 2.e4 Nf6 3.Nc3 c6 4.f4 Qa5 5.Bd3 e5 6.Nf3 Nbd7 7.O-O Be7 8.Kh1 O-O
9.Qe1 Re8 10.fxe5 dxe5 11.dxe5 Nxe5 12.Nxe5 Qxe5 13.Bf4 Qh5 14.e5 Ng4 15.Bc4 Bh4
16.Qe2 g5 17.Bxg5 Bxg5 18.Bxf7+ Qxf7 19.Rxf7 Kxf7 20.Ne4 Rxe5 21.h3 Nf6 22.Nxg5+ Rxg5
23.Re1 Bd7 24.Qc4+ Rd5 25.Qb4 b5 26.Qe7+ Kg6 27.Re3 Re8 28.Rg3+ Rg5 29.Rxg5+ Kxg5
30.h4+ Kg6 31.h5+ Kg5 32.Qg7+ Kf5 33.g4+ Ke6 34.g5 Nd5 35.Qxh7 Re7 36.Qg8+ Kf5
37.h6 Kg4 38.Qg6 Nf4 39.Qf6 Re1+ 40.Kh2 Bf5 41.Qc3 Re2+ 42.Kg1 Rxc2 43.Qb3 Rg2+
44.Kf1 Bd3+ 45.Qxd3 Nxd3 46.h7 Rh2 47.g6 Kf3  0-1

[Event "VII TCh-RUS w"]
[Site "Sochi RUS"]
[Date "2006.04.26"]
[Round "7"]
[White "Meshcheriakova,E"]
[Black "Fominykh,M"]
[Result "1/2-1/2"]
[WhiteElo "2203"]
[BlackElo "2332"]

1.e4 d6 2.d4 Nf6 3.Nc3 e5 4.dxe5 dxe5 5.Qxd8+ Kxd8 6.Bg5 c6 7.Nf3 Nd7 8.Bc4 Ke8
9.a4 Bb4 10.Bd2 a5 11.O-O Ke7 12.Rfe1 Ne8 13.Ne2 Nd6 14.Bd3 Bxd2 15.Nxd2 g5
16.c3 Nc5 17.Bc2 Bd7 18.b4 Ne6 19.Nb3 Nc4 20.Ng3 Nf4 21.Nc5 Bc8 22.Nf5+ Bxf5
23.exf5 f6 24.bxa5 Nxa5 25.Rab1 b6  1/2-1/2

[Event "VII TCh-RUS w"]
[Site "Sochi RUS"]
[Date "2006.04.26"]
[Round "7"]
[White "Solovjova,V"]
[Black "Stepovaia Dianchenko,T"]
[Result "0-1"]
[WhiteElo "2265"]
[BlackElo "2343"]

1.e4 d6 2.d4 Nf6 3.Nc3 e5 4.Nf3 Nbd7 5.Bc4 Be7 6.O-O O-O 7.Bg5 h6 8.Bxf6 Bxf6
9.Re1 c6 10.a4 Re8 11.d5 c5 12.Bf1 g6 13.Nd2 Bg7 14.Nc4 Nf6 15.a5 Nh7 16.a6 b6
17.Na3 Bd7 18.Ncb5 Bf8 19.c3 f5 20.f3 Nf6 21.b4 Be7 22.Rb1 fxe4 23.fxe4 Rf8
24.bxc5 bxc5 25.Nc4 Ng4 26.Rb2 Rb8 27.Qb1 Bh4 28.g3 Bxb5 29.Rxb5 Rxb5 30.Qxb5 Nxh2
31.Nd2 Bxg3 32.Re2 Qf6 33.Bh3 Nf3+  0-1

[Event "VII TCh-RUS w"]
[Site "Sochi RUS"]
[Date "2006.04.26"]
[Round "7"]
[White "Mkrtchian,L"]
[Black "Kharashuta,E"]
[Result "1-0"]
[WhiteElo "2453"]
[BlackElo "2171"]

1.e4 d6 2.d4 Nf6 3.Nc3 e5 4.Nf3 Nbd7 5.Bc4 Be7 6.O-O O-O 7.Re1 c6 8.a4 exd4
9.Qxd4 Ne5 10.Be2 Nfg4 11.a5 Bf6 12.Qd1 Nxf3+ 13.Bxf3 Ne5 14.Be2 Qc7 15.Ra4 Rd8
16.Be3 Bd7 17.Qd2 b5 18.axb6 axb6 19.Rd1 Be7 20.Rxa8 Rxa8 21.Bd4 Be8 22.f4 Ng6
23.Bf1 b5 24.Be3 Bf8 25.Ne2 Bd7 26.Ng3 Qb7 27.c4 Re8 28.cxb5 cxb5 29.Ra1 Ra8
30.Rc1 Ra6 31.Bd3 Be7 32.Bd4 Nf8 33.f5 f6 34.Bc2 Be8 35.Bb3+ Bf7 36.Bxf7+ Kxf7
37.Qd3 Nd7 38.Qe2 g6 39.Rf1 Ra4 40.fxg6+ hxg6 41.Qe3 Ne5 42.b3 Ra8 43.Ne2 Nc6
44.Kh1 Rh8 45.Nf4 Ne5 46.h3 g5 47.Nd5 Rh5 48.Bxe5 dxe5 49.Ra1  1-0

[Event "XIII TCh-RUS 1st League"]
[Site "Sochi RUS"]
[Date "2006.04.27"]
[Round "8"]
[White "Rogovski,V"]
[Black "Maletin,P"]
[Result "1/2-1/2"]
[WhiteElo "2476"]
[BlackElo "2541"]

1.e4 d6 2.d4 Nf6 3.Nc3 e5 4.dxe5 dxe5 5.Qxd8+ Kxd8 6.Bc4 Be6 7.Bxe6 fxe6
8.Nge2 Nbd7 9.b3 a6 10.a4 Bd6 11.f3 Ke7 12.Be3 Rhc8 13.Kf2 c5 14.Rhb1 Nb8
15.a5 Nc6 16.Na4 Nd7 17.Nb2 Nd4 18.Rc1 Rg8 19.Nc4 g5 20.h3 h5 21.Ng3 Nf6
22.Rab1 g4 23.h4 Raf8 24.Bg5 Kd7 25.c3 Nb5 26.Rd1 Kc6 27.Rd3 Bc7 28.Rh1 Nh7
29.Bh6 Rf6 30.Bd2 Rfg6 31.Nxh5 gxf3 32.gxf3 Nf8 33.Rh2 Nd7 34.Be1 Nd6 35.Nxd6 Bxd6
36.c4 Be7 37.Ke2 Rh8 38.Ng3 Rxh4 39.Rxh4 Bxh4 40.Nf5 exf5 41.Bxh4 fxe4 42.fxe4 Rg4
43.Bf2 Rxe4+ 44.Kd2 Rf4 45.Ke2 Re4+ 46.Kd2 Rf4 47.Ke2 Rf6 48.Rh3 Nf8 49.Rh5 Kd6
50.Bg3 Nd7 51.Rg5 Re6 52.Rg7 Re7 53.Rg6+ Re6 54.Rg7 Rh6 55.Kf3 Ke6 56.Rg8 Rh1
57.Re8+ Kd6 58.Rd8 Rg1 59.Bxe5+ Ke7 60.Bc7 Rb1 61.Rh8 Rxb3+ 62.Kf4 Nf8 63.Ke4  1/2-1/2

[Event "VII TCh-RUS w"]
[Site "Sochi RUS"]
[Date "2006.04.27"]
[Round "8"]
[White "Mongontuul,B"]
[Black "Kharashuta,E"]
[Result "1-0"]
[WhiteElo "2378"]
[BlackElo "2171"]

1.e4 d6 2.d4 Nf6 3.Nc3 e5 4.Nf3 Nbd7 5.Bc4 Be7 6.O-O O-O 7.Re1 c6 8.a4 exd4
9.Nxd4 Ne5 10.Ba2 Re8 11.h3 Bd7 12.Bf4 Qa5 13.Qd2 Qb4 14.Nd1 Qxd2 15.Bxd2 h6
16.f4 Ng6 17.Nf2 d5 18.e5 Bc5 19.c3 Bxd4 20.cxd4 Nh5 21.Nd3 Bf5 22.Nc5 Nhxf4
23.Nxb7 Reb8 24.Nd6 Bd3 25.b4 a5 26.b5 cxb5 27.g3 Ne2+ 28.Kf2 Nxd4 29.Ke3 Nc2+
30.Kxd3 Nxe1+ 31.Rxe1 bxa4 32.Bxd5 Ra7 33.Bc3 Re7 34.h4 Rd8 35.Kd4 Ra7 36.h5 Nxe5
37.Rxe5 Rxd6 38.Re8+ Kh7 39.Kc5 Rxd5+ 40.Kxd5 Rd7+ 41.Ke4 Ra7 42.Re5 Rc7
43.Bd4 g6 44.g4 Rc1 45.Rxa5 Rh1 46.Ra8 gxh5 47.Rh8+ Kg6 48.Rg8+ Kh7 49.Rg7+ Kh8
50.gxh5 Re1+ 51.Kd5 Re8 52.Rxf7+ Kg8 53.Rg7+  1-0

[Event "XIII TCh-RUS 1st League"]
[Site "Sochi RUS"]
[Date "2006.04.27"]
[Round "8"]
[White "Goloshchapov,A"]
[Black "Bocharov,D"]
[Result "0-1"]
[WhiteElo "2556"]
[BlackElo "2559"]

1.e4 d6 2.d4 Nf6 3.Nc3 e5 4.Nge2 c6 5.f3 Nbd7 6.g4 Be7 7.Be3 O-O 8.g5 Ne8
9.Qd2 b5 10.Bg2 Nc7 11.f4 Nb6 12.b3 b4 13.Nd1 exf4 14.Bxf4 Ne6 15.h4 f6 16.g6 hxg6
17.Bg3 f5 18.exf5 gxf5 19.Bxc6 Bd7 20.Bxa8 Qxa8 21.Rf1 Nd5 22.Ne3 f4 23.Nxd5 Qxd5
24.Bf2 f3 25.Ng3 Bxh4 26.O-O-O Nf4 27.Kb2 Nh3 28.Nf5 Bf6 29.Ne3 Qe4 30.Nc4 Nxf2
31.Rxf2 Bh4 32.Nxd6 Qf4 33.Qxf4 Rxf4 34.Rdd2 Bxf2 35.Rxf2 g5 36.Nc4 g4 37.Ne5 Be6
38.c3 Bd5 39.c4 g3  0-1

[Event "WSB Masters"]
[Site "Wroclaw POL"]
[Date "2006.04.27"]
[Round "1"]
[White "Dobrowolski,P"]
[Black "Fatianova,T"]
[Result "1-0"]
[WhiteElo "2376"]
[BlackElo "2237"]

1.e4 d6 2.Nc3 Nf6 3.d4 e5 4.Nge2 Nc6 5.h3 Be7 6.d5 Nb8 7.g3 Bd7 8.Bg2 Qc8
9.Be3 a5 10.f4 Na6 11.Qd2 b6 12.Nd1 Bb5 13.b3 O-O 14.O-O exf4 15.gxf4 Nh5
16.c4 Bd7 17.Kh2 Re8 18.Ndc3 g6 19.Rab1 Bf6 20.Rg1 Rb8 21.Bd4 Qd8 22.Bf3 Bxd4
23.Nxd4 Qh4 24.Bg4 Bxg4 25.Rxg4 Qf6 26.Nc6 Rbc8 27.Re1 Nb8 28.e5 Qf5 29.Nd4 Qd7
30.e6 Qd8 31.exf7+ Kxf7 32.Ne6 Qd7 33.f5 Rg8 34.fxg6+ Rxg6 35.Rxg6 hxg6 36.Qh6 Rg8
37.Rf1+  1-0

[Event "WSB Masters"]
[Site "Wroclaw POL"]
[Date "2006.04.27"]
[Round "1"]
[White "Tazbir,M"]
[Black "Markosian,D"]
[Result "1-0"]
[WhiteElo "2402"]
[BlackElo "2397"]

1.e4 d6 2.d4 Nf6 3.Nc3 e5 4.Nf3 Nbd7 5.Bc4 Be7 6.O-O O-O 7.Re1 c6 8.a4 a5
9.b3 Re8 10.Ng5 Rf8 11.Nf3 exd4 12.Nxd4 Nb6 13.Bf1 d5 14.e5 Ne8 15.Bd3 g6
16.Nce2 Ng7 17.c3 Nd7 18.Ng3 Nc5 19.Bc2 Re8 20.Bd2 Bd7 21.Qc1 Nce6 22.Nf3 c5
23.Bh6 Bc6 24.Qd2 Qc7 25.h4 Rad8 26.h5 d4 27.hxg6 hxg6 28.Be4 Qb6 29.Rab1 dxc3
30.Qxc3 Qb4 31.Qc2 Bxe4 32.Rxe4 Nd4 33.Nxd4 Rxd4 34.Be3 Rxe4 35.Nxe4 Nf5
36.Bd2 Qb6 37.Qc3 Qc6 38.Qc4 b6 39.Bg5 Nd4 40.Re1 Qe6 41.Re3 Qxc4 42.bxc4 Bxg5
43.Nxg5 Nc6 44.f4 Nd4 45.Kf2 Rd8 46.Ne4 Nc2 47.Nf6+ Kf8 48.Rh3 Rd2+ 49.Kf1 Ke7
50.Rh8 Ne3+ 51.Ke1 Rd8 52.Nd5+ Nxd5 53.Rxd8 Kxd8 54.cxd5 Kd7 55.Kd2 Ke7 56.Kc3 f5
57.exf6+ Kxf6 58.g4 Ke7 59.f5 g5 60.Kc4 Kd6 61.f6 Kd7 62.Kb5 Kd6 63.f7 Ke7
64.Kxb6 c4 65.d6+  1-0

[Event "81st ch-ARG"]
[Site "San Luis ARG"]
[Date "2006.04.28"]
[Round "3"]
[White "Blit,J"]
[Black "Felgaer,R"]
[Result "0-1"]
[WhiteElo "2246"]
[BlackElo "2580"]

1.e4 d6 2.d4 Nf6 3.Nc3 c6 4.g3 b5 5.Bg2 e5 6.a3 Nbd7 7.d5 Bb7 8.dxc6 Bxc6
9.Nge2 Be7 10.O-O O-O 11.Nd5 Nb6 12.Nxb6 Qxb6 13.Nc3 h6 14.Re1 Rac8 15.Be3 Qb7
16.Nd5 Bxd5 17.exd5 Bd8 18.Qd3 Bb6 19.Bh3 Rc4 20.b3 e4 21.Qe2 Rc3 22.Qxb5 Rxc2
23.Bxb6 Rc5 24.Qb4 Qxb6 25.Qxb6 axb6 26.Bg2 Re8 27.Rad1 Rc3 28.Re3 Rxe3 29.fxe3 Rc8
30.Rd4 Rc1+ 31.Kf2 Ng4+ 32.Ke2 Rc2+ 33.Rd2 Rc3 34.Rd4 f5 35.Bh3 Nxe3 36.Rb4 Nxd5
37.Rb5 Rc2+ 38.Ke1 Nc3 39.Rxb6 e3  0-1

[Event "WSB Masters"]
[Site "Wroclaw POL"]
[Date "2006.04.28"]
[Round "2"]
[White "Maryasin,B"]
[Black "Cherednichenko,S"]
[Result "1-0"]
[WhiteElo "2371"]
[BlackElo "2238"]

1.e4 d6 2.d4 Nf6 3.Nc3 e5 4.dxe5 dxe5 5.Qxd8+ Kxd8 6.Bg5 Be6 7.O-O-O+ Nd7
8.f4 exf4 9.Bxf4 Bb4 10.Nd5 Ba5 11.Nxf6 gxf6 12.Nf3 Ke7 13.a3 Bb6 14.Be2 Rhg8
15.g3 Bg4 16.Rd5 Rad8 17.Re1 Nc5 18.Nd4 Ne6 19.Bxg4 Nxf4 20.Nf5+ Ke8 21.Rxd8+ Kxd8
22.Rd1+ Ke8 23.Nh6 Rg6 24.Bd7+ Kf8 25.Nf5 Ne6 26.Bc8 c5 27.Rd7 Nd4 28.Nd6 Rh6
29.Rxf7+ Kg8 30.h3 Rg6 31.Rxb7 Rxg3 32.c3 Ne2+ 33.Kc2 Nf4 34.Bf5 Rg2+ 35.Kb3 h5
36.Ne8 Nd3 37.Nxf6+ Kf8 38.Be6 Ne5 39.Nxh5 Rg5 40.Nf6 Rg6 41.Nd7+  1-0

[Event "WSB Masters"]
[Site "Wroclaw POL"]
[Date "2006.04.28"]
[Round "2"]
[White "Zeberski,J"]
[Black "Fatianova,T"]
[Result "1-0"]
[WhiteElo "2422"]
[BlackElo "2237"]

1.e4 d6 2.d4 Nf6 3.Nc3 e5 4.dxe5 dxe5 5.Qxd8+ Kxd8 6.Bg5 Be6 7.O-O-O+ Nd7
8.f4 h6 9.Bxf6+ gxf6 10.f5 Bc5 11.fxe6 fxe6 12.Bc4 Ke7 13.Nf3 c6 14.Rhe1 b5
15.Bb3 Rhg8 16.Re2 Rg4 17.g3 Bb6 18.Nb1 a5 19.c3 Nc5 20.Bc2 a4 21.Nbd2 Nb7
22.Nf1 Nd6 23.h3 Rgg8 24.g4 Ra7 25.Bd3 Rd7 26.Ng3 Rgd8 27.Bc2 Rg8 28.Nh5 Rdd8
29.b3 axb3 30.axb3 Bc5 31.Kb2 b4 32.cxb4 Bxb4 33.Re3 Rb8 34.Ra1 Bc5 35.Rc3 Nb7
36.Ra6 Rgc8 37.Rc4 Kd6 38.Kc3 Bf2 39.b4 Ra8 40.Rxa8 Rxa8 41.Kb2 Rb8 42.Bb3 c5
43.Rc2 Be3 44.Re2 Bd4+ 45.Nxd4 cxd4 46.Rf2 Nd8 47.Ka3 Ra8+ 48.Ba4 Rc8 49.Rc2 Ra8
50.Nxf6 Nf7 51.h4 Ke7 52.Nh5 Ra7 53.Kb3 Nd6 54.Ng3 Rb7 55.Rc5 Kf6 56.Nh5+ Ke7
57.Rxe5 d3 58.Nf4 Rb6 59.Nxd3  1-0

[Event "8th Dubai Open"]
[Site "Dubai UAE"]
[Date "2006.04.29"]
[Round "7"]
[White "Stellwagen,R"]
[Black "Velikhanli,F"]
[Result "1-0"]
[WhiteElo "2232"]
[BlackElo "2326"]

1.e4 d6 2.d4 Nf6 3.Nc3 c6 4.f4 Qa5 5.Bd3 Bg4 6.Nf3 e5 7.Be3 Nbd7 8.O-O Be7
9.h3 Bxf3 10.Qxf3 O-O 11.Ne2 c5 12.dxe5 dxe5 13.Nc3 Bd6 14.f5 Rac8 15.Qe2 a6
16.Rfd1 Qc7 17.Qf3 b5 18.Bxb5 axb5 19.Nxb5 Qc6 20.Nxd6 Rb8 21.b3 Nb6 22.c4 Ra8
23.Nb5 Ne8 24.f6 g6 25.Bh6 Nd7 26.Bxf8 Kxf8 27.Rd2 Ndxf6 28.Rd6 Nxd6 29.Qxf6 Ra6
30.Qh8+ Ke7 31.Qxe5+ Kf8 32.Rd1 Ne8 33.Rd8 f6 34.Qxe8+  1-0